| 000 | 00625nam a2200241Ia 4500 | ||
|---|---|---|---|
| 003 | OSt | ||
| 005 | 20220918200747.0 | ||
| 006 | a|||||r|||| 00| 0 | ||
| 007 | ta | ||
| 008 | 220917b |||||||| |||| 00| 0 eng d | ||
| 024 | _a90,120 | ||
| 037 | _cTextual | ||
| 040 |
_aARTS _cARTS _beng |
||
| 041 |
_2eng _aeng |
||
| 082 | _aU6, J7 (UD) | ||
| 100 |
_aThatcher W S _995407 |
||
| 245 | 0 | _aEconomic geography | |
| 260 | _c1957 | ||
| 490 | _aTeach yourself geography ed by Leonard Cutts | ||
| 650 |
_aCOMMERCIAL GEOGRAPHY _91466 |
||
| 942 |
_hU6, J7 (UD) _cTEXL _2CC |
||
| 999 |
_c213789 _d213789 |
||